[Event "Lindores Abbey Tal Blitz 2021"]
[Site "Riga"]
[Date "2021.11.08"]
[Round "12.35"]
[White "Kuzubov, Yuriy"]
[Black "Sethuraman, S.P.."]
[Result "1-0"]
[WhiteElo "2637"]
[BlackElo "2620"]
[Annotator "TA"]
[PlyCount "69"]
[EventDate "2021.11.02"]
[EventType "swiss"]
[EventCountry "LAT"]
[SourceTitle "playchess.com"]
[Source "ChessBase"]
[SourceQuality "1"]

1. d4 d5 2. c4 e6 3. Nf3 Nf6 4. Nc3 Bb4 5. Qa4+ Nc6 6. e3 O-O 7. Bd2 dxc4 8.
Bxc4 Bd6 9. Nb5 Be7 10. Qc2 a6 11. Nc3 Bd6 12. Ne4 Nxe4 13. Qxe4 Qe7 14. Bc3
Bd7 15. a3 b5 16. Bb3 a5 17. O-O a4 18. Ba2 b4 19. axb4 Nxb4 20. Bc4 Bc6 21.
Qg4 Bd5 22. Nd2 f5 23. Qe2 Qh4 24. g3 Qh3 25. f3 Rf6 26. Bxb4 Bxb4 27. e4 Bxc4
28. Nxc4 fxe4 29. Qxe4 Rd8 30. Rxa4 c5 31. Ra7 h6 32. Ne5 Qh5 33. Qb7 Qg5 34.
f4 Rxf4 35. Rxf4 1-0

[Event "Lindores Abbey Tal Blitz 2021"]
[Site "Riga"]
[Date "2021.11.08"]
[Round "12.36"]
[White "Vokhidov, Shamsiddin"]
[Black "Kuybokarov, Temur"]
[Result "1-0"]
[WhiteElo "2521"]
[BlackElo "2549"]
[Annotator "ChessBase"]
[PlyCount "51"]
[EventDate "2021.11.02"]
[EventType "swiss"]
[EventCountry "LAT"]
[SourceTitle "playchess.com"]
[Source "ChessBase"]
[SourceQuality "1"]

1. e4 e5 2. Nf3 Nc6 3. Bc4 Bc5 4. c3 Nf6 5. d3 d6 6. Nbd2 Bb6 7. h3 h6 8. Nf1
Qe7 9. Ng3 Be6 10. Bb3 O-O-O 11. Be3 d5 12. Qe2 Bxe3 13. Qxe3 d4 14. Qe2 g5 15.
Ba4 Bd7 16. Bxc6 Bxc6 17. Nf5 Qc5 18. cxd4 exd4 19. O-O Rhe8 20. Nxh6 Nd5 21.
Rac1 Qf8 22. Nf5 Nf4 23. Qd2 Bb5 24. Qa5 Bc6 25. N3xd4 Nxd3 26. Rxc6 1-0

[Event "Lindores Abbey Tal Blitz 2021"]
[Site "Riga"]
[Date "2021.11.08"]
[Round "12.37"]
[White "Chigaev, Maksim"]
[Black "Morovic Fernandez, Ivan"]
[Result "0-1"]
[WhiteElo "2626"]
[BlackElo "2510"]
[Annotator "TA"]
[PlyCount "40"]
[EventDate "2021.11.02"]
[EventType "swiss"]
[EventCountry "LAT"]
[SourceTitle "playchess.com"]
[Source "ChessBase"]
[SourceQuality "1"]

1. c4 c6 2. Nf3 d5 3. e3 Nf6 4. Nc3 e6 5. b3 Bd6 6. Bb2 e5 7. cxd5 cxd5 8. Nb5
Nc6 9. Nxd6+ Qxd6 10. d4 e4 11. Ne5 O-O 12. Be2 Nd7 13. Nxc6 Qxc6 14. Rc1 Qg6
15. O-O Nf6 16. Kh1 Bd7 17. Rc7 Bc6 18. Ba3 Rfc8 19. Rxc8+ Rxc8 20. Qd2 h5 0-1

[Event "Lindores Abbey Tal Blitz 2021"]
[Site "Riga"]
[Date "2021.11.08"]
[Round "12.38"]
[White "Sasikiran, Krishnan"]
[Black "Zhou, Jianchao"]
[Result "1-0"]
[WhiteElo "2640"]
[BlackElo "2616"]
[Annotator "TA"]
[PlyCount "101"]
[EventDate "2021.11.02"]
[EventType "swiss"]
[EventCountry "LAT"]
[SourceTitle "playchess.com"]
[Source "ChessBase"]
[SourceQuality "1"]

1. d4 f5 2. g3 Nf6 3. Bg2 d6 4. Nf3 g6 5. O-O Bg7 6. b3 O-O 7. Bb2 Ne4 8. Nbd2
Nc6 9. Ne1 d5 10. Ndf3 Be6 11. Nd3 a5 12. a4 h6 13. Nfe5 Nxe5 14. dxe5 b6 15.
f3 Nc5 16. Nxc5 bxc5 17. f4 c6 18. Qe1 Qb6 19. Qf2 Rfb8 20. Ba3 d4 21. e3 Bf8
22. Rfd1 c4 23. exd4 cxb3 24. cxb3 Bxb3 25. Rdc1 Bd5 26. Bxd5+ cxd5 27. Bc5 Qa6
28. Qa2 e6 29. Bxf8 Rxf8 30. Rc7 Qd3 31. Rac1 Qxd4+ 32. Qf2 Qxf2+ 33. Kxf2 Ra6
34. Rb7 Rf7 35. Rc8+ Kg7 36. Rbb8 h5 37. Ke3 Raa7 38. Rc6 Rfe7 39. Rbb6 Kf7 40.
Kd4 Rab7 41. Rxe6 Rxb6 42. Rxb6 Rc7 43. Kxd5 Rc2 44. Rb7+ Kf8 45. Ke6 Rc6+ 46.
Kd7 Rc4 47. Rb6 Rd4+ 48. Rd6 Rxa4 49. Rxg6 Rd4+ 50. Ke6 a4 51. Kxf5 1-0

[Event "Lindores Abbey Tal Blitz 2021"]
[Site "Riga"]
[Date "2021.11.08"]
[Round "12.39"]
[White "Cori T., Deysi"]
[Black "Ter-Sahakyan, Samvel"]
[Result "0-1"]
[WhiteElo "2396"]
[BlackElo "2615"]
[Annotator "TA"]
[PlyCount "64"]
[EventDate "2021.11.02"]
[EventType "swiss"]
[EventCountry "LAT"]
[SourceTitle "playchess.com"]
[Source "ChessBase"]
[SourceQuality "1"]

1. d4 Nf6 2. Nf3 d5 3. c4 e6 4. e3 b6 5. Nc3 Bb7 6. Bd3 Bd6 7. O-O O-O 8. Qe2
Ne4 9. cxd5 exd5 10. Qc2 Re8 11. Nb5 Nc6 12. Nxd6 cxd6 13. a3 Rc8 14. Qa4 Na5
15. Nd2 Bc6 16. Qd1 Re6 17. Ba6 Bb7 18. Bxb7 Nxb7 19. Qh5 Nf6 20. Qf3 Na5 21.
Qf5 g6 22. Qd3 Ne4 23. Nb1 Qc7 24. g3 Qc2 25. Qa6 Nb3 26. Nc3 Rxc3 27. bxc3
Nxa1 28. Qxa7 Nb3 29. Qa8+ Kg7 30. Qxd5 Nxc1 31. c4 Nd3 32. h4 Ndxf2 0-1

[Event "Lindores Abbey Tal Blitz 2021"]
[Site "Riga"]
[Date "2021.11.08"]
[Round "12.40"]
[White "Munguntuul, Batkhuyag"]
[Black "Rakhmanov, Aleksandr"]
[Result "0-1"]
[WhiteElo "2433"]
[BlackElo "2650"]
[Annotator "TA"]
[PlyCount "96"]
[EventDate "2021.11.02"]
[EventType "swiss"]
[EventCountry "LAT"]
[SourceTitle "playchess.com"]
[Source "ChessBase"]
[SourceQuality "1"]

1. e4 c5 2. Nf3 Nf6 3. e5 Nd5 4. d4 cxd4 5. Nxd4 Nc6 6. Nxc6 dxc6 7. Bc4 Be6 8.
Qe2 g6 9. O-O Bg7 10. Bb3 a5 11. c4 Nb4 12. Nc3 Qd3 13. Re1 Qxe2 14. Rxe2 Nd3
15. f4 Bg4 16. Re3 O-O-O 17. Bc2 Nxc1 18. Rxc1 Rd4 19. Re4 Rhd8 20. g3 Rd2 21.
Ree1 Bf3 22. Re3 Rg2+ 23. Kf1 Rxh2 24. Rxf3 Rh1+ 25. Ke2 Rxc1 26. Be4 f5 27.
Bd3 Rh1 28. Rf2 h5 29. c5 h4 30. gxh4 Rxh4 31. Bc4 Rd4 32. Be6+ Kc7 33. Ke3 Rd8
34. Ne2 Rh3+ 35. Rf3 Rxf3+ 36. Kxf3 Rd2 37. b3 Bh6 38. Ke3 Rxa2 39. Bf7 Rb2 40.
Nd4 Kb8 41. Bxg6 e6 42. Bf7 Rh2 43. Bxe6 Rh3+ 44. Ke2 Bxf4 45. Bxf5 Re3+ 46.
Kf2 Rxe5 47. Kf3 Bh6 48. Bg4 Rxc5 0-1

[Event "Lindores Abbey Tal Blitz 2021"]
[Site "Riga"]
[Date "2021.11.08"]
[Round "12.41"]
[White "Miezis, Normunds"]
[Black "Firat, Burak"]
[Result "0-1"]
[WhiteElo "2446"]
[BlackElo "2480"]
[Annotator "ChessBase"]
[PlyCount "116"]
[EventDate "2021.11.02"]
[EventType "swiss"]
[EventCountry "LAT"]
[SourceTitle "playchess.com"]
[Source "ChessBase"]
[SourceQuality "1"]

1. c4 e5 2. Nc3 Nf6 3. g3 d5 4. cxd5 Nxd5 5. Bg2 Nb6 6. Nf3 Nc6 7. Rb1 Bd6 8.
O-O O-O 9. d4 exd4 10. Nxd4 Nxd4 11. Qxd4 Qe7 12. e4 Rd8 13. Qe3 c6 14. b3 Be6
15. Bb2 Bc5 16. Qe2 Rd7 17. Rbd1 Rad8 18. Rxd7 Rxd7 19. Rd1 h6 20. h3 a5 21.
Kh2 Rxd1 22. Nxd1 a4 23. Qc2 axb3 24. axb3 Nd7 25. f4 f6 26. Nc3 Bf7 27. Nb1
Ba7 28. Nd2 Qc5 29. Qxc5 Nxc5 30. Bd4 Bb6 31. e5 fxe5 32. fxe5 Nd7 33. Bxb6
Nxb6 34. b4 Nd5 35. b5 cxb5 36. Kg1 b4 37. Kf2 Nc3 38. Ke3 b5 39. Kd3 Bd5 40.
Bxd5+ Nxd5 41. Kd4 Nc7 42. Kc5 Kf7 43. Kd6 Ne8+ 44. Kd7 g5 45. Ne4 Ng7 46. Nd6+
Kg6 47. e6 b3 48. Ne4 b2 49. Nd2 Kf5 50. e7 Ke5 51. e8=Q+ Nxe8 52. Kxe8 Kd4 53.
Kf7 Kd3 54. Nb1 b4 55. h4 gxh4 56. gxh4 Kc2 57. h5 Kxb1 58. Kg6 Ka2 0-1

[Event "Lindores Abbey Tal Blitz 2021"]
[Site "Riga"]
[Date "2021.11.08"]
[Round "12.42"]
[White "Dzagnidze, Nana"]
[Black "Kosteniuk, Alexandra"]
[Result "1-0"]
[WhiteElo "2524"]
[BlackElo "2518"]
[Annotator "ChessBase"]
[PlyCount "127"]
[EventDate "2021.11.02"]
[EventType "swiss"]
[EventCountry "LAT"]
[SourceTitle "playchess.com"]
[Source "ChessBase"]
[SourceQuality "1"]

1. d4 Nf6 2. c4 e6 3. Nc3 Bb4 4. e3 b6 5. Bd3 Bb7 6. Nf3 O-O 7. O-O d5 8. a3
Be7 9. b4 Ne4 10. Bb2 Nd7 11. Qc2 f5 12. Rfc1 Rc8 13. cxd5 exd5 14. Ne2 c5 15.
dxc5 bxc5 16. bxc5 Ndxc5 17. Nf4 Qb6 18. Bd4 Qh6 19. Qb2 g5 20. Bxe4 fxe4 21.
Bxc5 Bxc5 22. Qxb7 gxf4 23. Qxd5+ Kh8 24. Rxc5 Rxc5 25. Qxc5 exf3 26. Qe5+ Kg8
27. Qd5+ Kh8 28. Qxf3 Qd6 29. exf4 Qd4 30. Rd1 Qb2 31. g3 Re8 32. Qd3 Qb8 33.
Qd4+ Kg8 34. Qd5+ Kh8 35. Qd4+ Kg8 36. Rc1 Rd8 37. Qc4+ Kh8 38. Qc6 Qb2 39. Re1
Qd2 40. Re8+ Rxe8 41. Qxe8+ Kg7 42. Qe7+ Kg6 43. Qxa7 Qd1+ 44. Kg2 Qd5+ 45. f3
Qa2+ 46. Kh3 Qe6+ 47. g4 Qe2 48. Qb6+ Kg7 49. Qc7+ Kg8 50. Qd8+ Kf7 51. Qd5+
Kf8 52. Qc5+ Kg8 53. Kg3 Qe1+ 54. Qf2 Qa1 55. f5 Qxa3 56. h4 Qd6+ 57. f4 Qd3+
58. Qf3 Qc4 59. Kh3 Qc1 60. f6 Kf7 61. g5 Qc8+ 62. Kg3 Qc5 63. Qb7+ Kg6 64.
Qg7+ 1-0

[Event "Lindores Abbey Tal Blitz 2021"]
[Site "Riga"]
[Date "2021.11.08"]
[Round "12.43"]
[White "Meshkovs, Nikita"]
[Black "Rakotomaharo, Fy Antenaina"]
[Result "0-1"]
[WhiteElo "2557"]
[BlackElo "2487"]
[Annotator "ChessBase"]
[PlyCount "42"]
[EventDate "2021.11.02"]
[EventType "swiss"]
[EventCountry "LAT"]
[SourceTitle "playchess.com"]
[Source "ChessBase"]
[SourceQuality "1"]

1. e4 e5 2. Nc3 Nf6 3. d4 exd4 4. Qxd4 Nc6 5. Qd3 Bc5 6. Bf4 O-O 7. O-O-O d6 8.
Be2 Ng4 9. Nh3 Nxf2 10. Nxf2 Bxf2 11. Rhf1 Bb6 12. Qg3 Kh8 13. Nd5 Be6 14. Bg5
f6 15. Nxf6 gxf6 16. Rxf6 Rxf6 17. Qc3 Kg7 18. Qg3 Rg6 19. Qc3+ Bd4 20. Rxd4
Qxg5+ 21. Rd2+ Kg8 0-1

[Event "Lindores Abbey Tal Blitz 2021"]
[Site "Riga"]
[Date "2021.11.08"]
[Round "12.44"]
[White "Donchenko, Alexander"]
[Black "Saduakassova, Dinara"]
[Result "1/2-1/2"]
[WhiteElo "2645"]
[BlackElo "2491"]
[Annotator "RC"]
[PlyCount "99"]
[EventDate "2021.11.02"]
[EventType "swiss"]
[EventCountry "LAT"]
[SourceTitle "playchess.com"]
[Source "ChessBase"]
[SourceQuality "1"]

1. e4 e5 2. Nf3 Nc6 3. Bc4 Bc5 4. d3 Nf6 5. O-O a6 6. c3 d6 7. a4 Ba7 8. Nbd2
O-O 9. h3 h6 10. Re1 Re8 11. b4 Ne7 12. Nf1 Ng6 13. Be3 Bxe3 14. Nxe3 Nf4 15.
Kh2 a5 16. b5 Be6 17. Bxe6 fxe6 18. g3 Ng6 19. Kg2 Nd7 20. d4 Qe7 21. Nc4 Rf8
22. Rf1 Rf7 23. dxe5 Ndxe5 24. Nfxe5 Nxe5 25. Nxe5 dxe5 26. Qb3 Kh7 27. Qc4
Raf8 28. Rad1 Rf3 29. Rd2 R8f7 30. Rd3 Qf6 31. Rxf3 Qxf3+ 32. Kg1 Qf6 33. Qc5
Rd7 34. b6 cxb6 35. Qxb6 Qg6 36. Re1 Rd3 37. Re3 Rxe3 38. Qxe3 Qf6 39. Qc5 Qf3
40. Qxe5 Qd1+ 41. Kg2 Qxa4 42. Qxe6 Qb5 43. c4 Qc5 44. e5 a4 45. Qf5+ Kg8 46.
Qe6+ Kh7 47. Qf5+ Kg8 48. Qe6+ Kh7 49. Qf5+ Kg8 50. Qe6+ 1/2-1/2

[Event "Lindores Abbey Tal Blitz 2021"]
[Site "Riga"]
[Date "2021.11.08"]
[Round "12.45"]
[White "Batsiashvili, Nino"]
[Black "Ernst, Sipke"]
[Result "0-1"]
[WhiteElo "2491"]
[BlackElo "2532"]
[Annotator "ChessBase"]
[PlyCount "88"]
[EventDate "2021.11.02"]
[EventType "swiss"]
[EventCountry "LAT"]
[SourceTitle "playchess.com"]
[Source "ChessBase"]
[SourceQuality "1"]

1. d4 d5 2. c4 c6 3. Nf3 Nf6 4. g3 Bf5 5. Nc3 e6 6. Nh4 Be4 7. f3 Bg6 8. Bg2
Be7 9. O-O Nbd7 10. e4 dxe4 11. fxe4 e5 12. d5 Nc5 13. Nf5 Bxf5 14. exf5 a5 15.
dxc6 Qb6 16. cxb7 Rd8 17. Nd5 Nxd5 18. Bxd5 Nxb7+ 19. Kh1 O-O 20. Qf3 Nc5 21.
Be3 e4 22. Qg4 Bf6 23. Rab1 Qc7 24. b3 Rfe8 25. Rbd1 a4 26. b4 Nd3 27. b5 Nb2
28. Rc1 Nd3 29. Rcd1 Nb2 30. Rd4 Rxd5 31. cxd5 Qc3 32. Rxe4 Rd8 33. b6 Qd3 34.
Re1 Qxd5 35. Kg1 Nd3 36. Re2 Ne5 37. Qf4 Bg5 38. Qxg5 Nf3+ 39. Kf2 Nxg5 40.
Re8+ Rxe8 41. Bxg5 Rxe2+ 42. Kxe2 Qb5+ 43. Kf3 Qxb6 44. Kg4 Qd4+ 0-1

[Event "Lindores Abbey Tal Blitz 2021"]
[Site "Riga"]
[Date "2021.11.08"]
[Round "12.46"]
[White "Divya Deshmukh"]
[Black "Tregubov, Pavel V."]
[Result "0-1"]
[WhiteElo "2310"]
[BlackElo "2537"]
[Annotator "ChessBase"]
[PlyCount "102"]
[EventDate "2021.11.02"]
[EventType "swiss"]
[EventCountry "LAT"]
[SourceTitle "playchess.com"]
[Source "ChessBase"]
[SourceQuality "1"]

1. e4 e5 2. Nf3 Nf6 3. Nc3 Nc6 4. Bb5 Bd6 5. d3 O-O 6. Bg5 Be7 7. Bxc6 dxc6 8.
Nxe5 Nxe4 9. Bxe7 Qxe7 10. Nxc6 bxc6 11. dxe4 Ba6 12. Qd4 Qg5 13. Qa4 Bb5 14.
Nxb5 cxb5 15. Qd4 Rad8 16. Qe3 Qxg2 17. Ke2 Qg4+ 18. Kf1 Rfe8 19. Re1 f5 20.
Rg1 Qh5 21. e5 h6 22. e6 Re7 23. Rg2 Rd6 24. Qe5 Rdxe6 25. Qxe6+ Rxe6 26. Rxe6
Qd1+ 27. Re1 Qxc2 28. f3 Qd3+ 29. Kf2 f4 30. Re4 Qd2+ 31. Kf1 Qc1+ 32. Re1 Qc4+
33. Kg1 Qxa2 34. Re7 Qb1+ 35. Kf2 Qxb2+ 36. Kf1 Qc1+ 37. Re1 Qc4+ 38. Kg1 a5
39. Rge2 a4 40. Re4 Qc3 41. Re8+ Kh7 42. Kf2 a3 43. Ra8 b4 44. Ree8 b3 45. h4
a2 46. h5 Qc5+ 47. Kg2 Qg5+ 48. Kf1 Qxh5 49. Rh8+ Kg6 50. Ra6+ Kf7 51. Rc8
Qxf3+ 0-1

[Event "Lindores Abbey Tal Blitz 2021"]
[Site "Riga"]
[Date "2021.11.08"]
[Round "12.47"]
[White "Padmini, Rout"]
[Black "Harika, Dronavalli"]
[Result "1/2-1/2"]
[WhiteElo "2353"]
[BlackElo "2511"]
[Annotator "ChessBase"]
[PlyCount "59"]
[EventDate "2021.11.02"]
[EventType "swiss"]
[EventCountry "LAT"]
[SourceTitle "playchess.com"]
[Source "ChessBase"]
[SourceQuality "1"]

1. Nf3 Nf6 2. g3 g6 3. Bg2 Bg7 4. O-O O-O 5. d4 d5 6. c3 b6 7. c4 Bb7 8. Ne5 e6
9. Nc3 Nbd7 10. Bf4 Nxe5 11. Bxe5 c6 12. cxd5 cxd5 13. Rc1 Qd7 14. Qb3 Rfc8 15.
Nb5 Ne8 16. Bxg7 Kxg7 17. Rxc8 Bxc8 18. Rc1 Ba6 19. Nc3 Rc8 20. Qd1 Nd6 21. e3
h5 22. h4 Rc7 23. Bf1 Bxf1 24. Kxf1 Qc8 25. Ne2 Kf8 26. Rxc7 Qxc7 27. Qc1 Qxc1+
28. Nxc1 Nc8 29. Nd3 Nd6 30. Ke2 1/2-1/2

[Event "Lindores Abbey Tal Blitz 2021"]
[Site "Riga"]
[Date "2021.11.08"]
[Round "12.48"]
[White "Jumabayev, Rinat"]
[Black "Lujan, Carolina"]
[Result "1-0"]
[WhiteElo "2658"]
[BlackElo "2340"]
[Annotator "TA"]
[PlyCount "75"]
[EventDate "2021.11.02"]
[EventType "swiss"]
[EventCountry "LAT"]
[SourceTitle "playchess.com"]
[Source "ChessBase"]
[SourceQuality "1"]

1. Nf3 Nf6 2. g3 g6 3. c4 Bg7 4. Bg2 O-O 5. O-O d5 6. cxd5 Nxd5 7. d4 Nb6 8.
Nc3 Nc6 9. d5 Na5 10. Qc2 c6 11. dxc6 bxc6 12. Rd1 Qe8 13. Be3 Nac4 14. Bd4 Bf5
15. Qc1 Rd8 16. b3 Nd6 17. Bxg7 Kxg7 18. Nd4 Bd7 19. Qa3 Nbc8 20. Qc5 Nf5 21.
Nxc6 Ncd6 22. Nxd8 Qxd8 23. Qxa7 Qc8 24. Rac1 Qb8 25. Qxb8 Rxb8 26. e4 Nh6 27.
e5 Bg4 28. exd6 Bxd1 29. Rxd1 exd6 30. Rxd6 Nf5 31. Rd3 Rc8 32. Kf1 h5 33. Bh3
Ra8 34. Bxf5 gxf5 35. a4 Rb8 36. Ne2 Rc8 37. a5 h4 38. gxh4 1-0

[Event "Lindores Abbey Tal Blitz 2021"]
[Site "Riga"]
[Date "2021.11.08"]
[Round "12.49"]
[White "Gunina, Valentina"]
[Black "Girya, Olga"]
[Result "1-0"]
[WhiteElo "2480"]
[BlackElo "2402"]
[Annotator "ChessBase"]
[PlyCount "133"]
[EventDate "2021.11.02"]
[EventType "swiss"]
[EventCountry "LAT"]
[SourceTitle "playchess.com"]
[Source "ChessBase"]
[SourceQuality "1"]

1. d4 Nf6 2. c4 e6 3. Nf3 d5 4. Nc3 Be7 5. Bg5 h6 6. Bxf6 Bxf6 7. e3 O-O 8. Rc1
c6 9. Bd3 dxc4 10. Bxc4 Nd7 11. Ne4 Be7 12. O-O b6 13. Qe2 Bb7 14. Ba6 Bxa6 15.
Qxa6 c5 16. Rfd1 Qc8 17. Qa4 Qb7 18. dxc5 Nxc5 19. Nxc5 Bxc5 20. Ne5 Rfd8 21.
h3 a6 22. a3 b5 23. Qg4 Be7 24. Rxd8+ Rxd8 25. Nc6 Re8 26. Nxe7+ Rxe7 27. Qf4
Rd7 28. Qe5 Rd5 29. Qc3 Kh7 30. Qc2+ g6 31. Kf1 Qd7 32. Ke2 Qd6 33. Qc3 e5 34.
f3 Qe6 35. Qc8 Qd6 36. Qc3 Qd7 37. Rc2 Qd6 38. b4 h5 39. e4 Rd4 40. Qc5 Qf6 41.
Qa7 Qe6 42. Qc7 Qb3 43. Kf2 Qd3 44. Kg3 Qe3 45. Qxe5 Rd7 46. Kh2 Rd1 47. Qf6
Qg1+ 48. Kg3 Qe1+ 49. Kf4 Rd7 50. Rc8 Qd2+ 51. Kg3 Qd6+ 52. Qxd6 Rxd6 53. Rc7
Kg7 54. Ra7 Kf6 55. h4 Ke6 56. Kf4 Rc6 57. g3 Rd6 58. Kg5 Rc6 59. Kh6 Kf6 60.
g4 hxg4 61. fxg4 Ke5 62. Rxf7 Kxe4 63. Kg5 Kd4 64. Rf6 Rc4 65. Rxa6 Kc3 66.
Rxg6 Kb3 67. Ra6 1-0

[Event "Lindores Abbey Tal Blitz 2021"]
[Site "Riga"]
[Date "2021.11.08"]
[Round "12.50"]
[White "Assaubayeva, Bibisara"]
[Black "Shuvalova, Polina"]
[Result "1-0"]
[WhiteElo "2400"]
[BlackElo "2515"]
[Annotator "ChessBase"]
[PlyCount "67"]
[EventDate "2021.11.02"]
[EventType "swiss"]
[EventCountry "LAT"]
[SourceTitle "playchess.com"]
[Source "ChessBase"]
[SourceQuality "1"]

1. d4 Nf6 2. c4 e6 3. Nf3 d5 4. Nc3 c5 5. cxd5 exd5 6. g3 Nc6 7. Bg2 cxd4 8.
Nxd4 Bc5 9. Nb3 Bb6 10. O-O d4 11. Na4 O-O 12. Bg5 Re8 13. Nxb6 axb6 14. e3 d3
15. Bxf6 gxf6 16. a3 Bf5 17. Rc1 Qd6 18. Rc4 Rad8 19. Nd2 Bg6 20. h4 b5 21. Rc3
Ne5 22. h5 Bf5 23. h6 Kh8 24. Qh5 Bg4 25. Qh4 Be2 26. Rfc1 f5 27. Rc5 Nc4 28.
Rd5 Qb6 29. Nxc4 bxc4 30. Qxc4 Qxh6 31. Qd4+ Kg8 32. Rxd8 Qe6 33. Rxe8+ Qxe8
34. Bxb7 1-0

[Event "Lindores Abbey Tal Blitz 2021"]
[Site "Riga"]
[Date "2021.11.08"]
[Round "12.51"]
[White "Javakhishvili, Lela"]
[Black "Eizaguerri Floris, Maria"]
[Result "1-0"]
[WhiteElo "2446"]
[BlackElo "2328"]
[Annotator "TA"]
[PlyCount "128"]
[EventDate "2021.11.02"]
[EventType "swiss"]
[EventCountry "LAT"]
[SourceTitle "playchess.com"]
[Source "ChessBase"]
[SourceQuality "1"]

1. d4 d5 2. c4 e6 3. Nc3 Nf6 4. cxd5 exd5 5. Bg5 c6 6. e3 Be7 7. Bd3 Nbd7 8.
Qc2 Nh5 9. Bxe7 Qxe7 10. Nge2 g6 11. O-O-O Nb6 12. Kb1 Bd7 13. Rc1 O-O-O 14.
Na4 Nxa4 15. Qxa4 Kb8 16. Rc3 b6 17. Ra3 Be8 18. Rc1 Ng7 19. b4 c5 20. Bb5 c4
21. Nc3 Ne6 22. Ka1 f5 23. Rb1 f4 24. Bc6 Bxc6 25. Qxc6 Qd7 26. Qxd7 Rxd7 27.
Ne2 fxe3 28. Rxe3 Nc7 29. Nc3 Rf8 30. f3 Re8 31. Rbe1 Rxe3 32. Rxe3 b5 33. Kb2
Kc8 34. Re5 Kd8 35. f4 Rd6 36. g4 Kd7 37. f5 Kc6 38. Ne2 gxf5 39. Rxf5 Rh6 40.
Rf2 Rh4 41. Rg2 Ne6 42. Kc3 Ng5 43. Kd2 Nf3+ 44. Ke3 Nxh2 45. Kf4 Nf1 46. Kg5
Rh3 47. Nf4 Rf3 48. Re2 Ne3 49. Rh2 Rg3 50. Rh6+ Kb7 51. Rxh7+ Kb6 52. Rh6+ Kb7
53. Rh7+ Kb6 54. Rh6+ Kb7 55. Rh4 c3 56. Nd3 Ng2 57. Rh7+ Kc8 58. Rh8+ Kc7 59.
Rh7+ Kd6 60. Rh6+ Kc7 61. Ne5 c2 62. Rc6+ Kb7 63. Rxc2 Ra3 64. Rxg2 Ra4 1-0

[Event "Lindores Abbey Tal Blitz 2021"]
[Site "Riga"]
[Date "2021.11.08"]
[Round "12.52"]
[White "Arabidze, Meri"]
[Black "Buksa, Nataliya"]
[Result "1/2-1/2"]
[WhiteElo "2441"]
[BlackElo "2410"]
[Annotator "TA"]
[PlyCount "52"]
[EventDate "2021.11.02"]
[EventType "swiss"]
[EventCountry "LAT"]
[SourceTitle "playchess.com"]
[Source "ChessBase"]
[SourceQuality "1"]

1. Nf3 d5 2. g3 Nf6 3. Bg2 e6 4. O-O Be7 5. c4 O-O 6. b3 b6 7. Bb2 Bb7 8. cxd5
exd5 9. d4 Nbd7 10. Nc3 a6 11. Rc1 Bd6 12. Rc2 Qe7 13. e3 Rac8 14. Ne2 Ne4 15.
Nf4 Rfd8 16. Nd3 c5 17. dxc5 bxc5 18. Qa1 f6 19. Nh4 Qe6 20. Rd1 Nb6 21. Nf4
Bxf4 22. gxf4 a5 23. Nf3 a4 24. Nd2 Nxd2 25. Rcxd2 Ba8 26. Qb1 d4 1/2-1/2

[Event "Lindores Abbey Tal Blitz 2021"]
[Site "Riga"]
[Date "2021.11.08"]
[Round "12.53"]
[White "Sukandar, Irine Kharisma"]
[Black "Badelka, Olga"]
[Result "1/2-1/2"]
[WhiteElo "2406"]
[BlackElo "2438"]
[Annotator "TA"]
[PlyCount "182"]
[EventDate "2021.11.02"]
[EventType "swiss"]
[EventCountry "LAT"]
[SourceTitle "playchess.com"]
[Source "ChessBase"]
[SourceQuality "1"]

1. d4 d5 2. Bf4 Nf6 3. e3 e6 4. Nd2 c5 5. c3 Nc6 6. Ngf3 cxd4 7. exd4 Nh5 8.
Be3 g6 9. Ne5 Bg7 10. Be2 Nf6 11. O-O O-O 12. Nd3 b6 13. b4 Bb7 14. a4 Rc8 15.
Bf3 Ne7 16. c4 Ne4 17. c5 Nf5 18. Nb3 bxc5 19. Ndxc5 Nxe3 20. fxe3 Ba8 21. Qd3
Nd6 22. Na5 Qg5 23. Rfe1 Nc4 24. Nxc4 dxc4 25. Qe2 Bxf3 26. Qxf3 e5 27. d5 e4
28. Nxe4 Qe5 29. Rac1 Rfd8 30. Nc5 Qxd5 31. Qxd5 Rxd5 32. Rxc4 a5 33. e4 Rd4
34. Rxd4 Bxd4+ 35. Kf1 Bxc5 36. bxc5 Rxc5 37. Ke2 Rc4 38. Kd3 Rxa4 39. Rb1 Ra2
40. Rb8+ Kg7 41. Ra8 Rxg2 42. h4 Ra2 43. Kd4 h5 44. e5 Rh2 45. Rxa5 Rxh4+ 46.
Ke3 Rb4 47. Ra7 Rb6 48. Kf4 Re6 49. Rb7 Kf8 50. Rb8+ Re8 51. Rb7 Re7 52. Rb8+
Kg7 53. Rb6 Kh6 54. Rc6 Re6 55. Rc7 Kg7 56. Rb7 Kf8 57. Rb8+ Re8 58. Rb7 Re7
59. Rb8+ Kg7 60. Rb6 Kh6 61. Rc6 Ra7 62. Rf6 Ra4+ 63. Kg3 Re4 64. Rxf7 Rxe5 65.
Rf8 Kg5 66. Rd8 Ra5 67. Rd3 h4+ 68. Kh3 Kh5 69. Rb3 g5 70. Rb2 g4+ 71. Kg2 Kg5
72. Rc2 h3+ 73. Kg3 Ra3+ 74. Kh2 Kh4 75. Rc4 Ra2+ 76. Kg1 Re2 77. Rb4 Re3 78.
Kh2 Rf3 79. Rc4 Rf2+ 80. Kg1 Ra2 81. Rb4 Kg3 82. Rb3+ Kf4 83. Rb4+ Kg5 84. Rb5+
Kh4 85. Rb4 h2+ 86. Kh1 Kh3 87. Rb3+ Kh4 88. Rh3+ Kg5 89. Rh5+ Kf4 90. Rf5+ Kg3
91. Rf3+ gxf3 1/2-1/2

[Event "Lindores Abbey Tal Blitz 2021"]
[Site "Riga"]
[Date "2021.11.08"]
[Round "12.54"]
[White "Socko, Monika"]
[Black "Rogule, Laura"]
[Result "1-0"]
[WhiteElo "2393"]
[BlackElo "2289"]
[Annotator "TA"]
[PlyCount "83"]
[EventDate "2021.11.02"]
[EventType "swiss"]
[EventCountry "LAT"]
[SourceTitle "playchess.com"]
[Source "ChessBase"]
[SourceQuality "1"]

1. d4 d5 2. c4 e6 3. Nf3 Nf6 4. Nc3 Nbd7 5. cxd5 exd5 6. Bf4 c6 7. e3 Be7 8.
Bd3 Nf8 9. O-O Bg4 10. Be2 Ne6 11. Bg3 Nh5 12. Be5 f6 13. Nd2 Bxe2 14. Qxe2 g6
15. Bg3 O-O 16. Rad1 Nxg3 17. hxg3 Qd7 18. Nf3 Rae8 19. Qd3 Ng7 20. Rfe1 Qg4
21. e4 dxe4 22. Rxe4 Qd7 23. Rde1 Bd6 24. Qc4+ Qf7 25. d5 Rxe4 26. Rxe4 cxd5
27. Nxd5 Kh8 28. b3 h5 29. Ne3 b6 30. Qd3 Bc5 31. b4 Bxe3 32. Rxe3 Nf5 33. Re1
Qxa2 34. Qe4 Qf7 35. Qc6 Rd8 36. b5 Kg7 37. Qc3 Rd7 38. Ng5 Qd5 39. Ne6+ Kf7
40. Nf4 Qd4 41. Qb3+ Kg7 42. Ne6+ 1-0

[Event "Lindores Abbey Tal Blitz 2021"]
[Site "Riga"]
[Date "2021.11.08"]
[Round "12.55"]
[White "Arakhamia-Grant, Ketevan"]
[Black "Zhu, Jiner"]
[Result "0-1"]
[WhiteElo "2362"]
[BlackElo "2455"]
[Annotator "RC"]
[PlyCount "55"]
[EventDate "2021.11.02"]
[EventType "swiss"]
[EventCountry "LAT"]
[SourceTitle "playchess.com"]
[Source "ChessBase"]
[SourceQuality "1"]

1. e4 c5 2. Nf3 d6 3. Bb5+ Bd7 4. Bxd7+ Nxd7 5. O-O Ngf6 6. Re1 e6 7. c3 Be7 8.
d4 cxd4 9. cxd4 d5 10. e5 Ne4 11. Nbd2 Nxd2 12. Bxd2 O-O 13. Rc1 Qb6 14. Rc2
Rac8 15. Qc1 Rxc2 16. Qxc2 Nb8 17. Bg5 Bb4 18. Rc1 Re8 19. Qc7 Nc6 20. Qd7 Rb8
21. a3 Bf8 22. b4 h6 23. h4 a6 24. a4 Qxb4 25. Rxc6 bxc6 26. Be3 Qxa4 27. Qa7
Qb5 28. Bd2 0-1